|
|
|
|
| LEADER |
00668nam a2200205 a 4500 |
| 001 |
775466 |
| 008 |
090715m19361993enk 000 1 eng d |
| 010 |
|
|
|a 72192575
|
| 020 |
|
|
|a 014086808
|
| 040 |
|
|
|a DLC
|c DLC
|d DLC
|
| 082 |
0 |
0 |
|a 823
|2 20
|
| 100 |
1 |
|
|a Anond, Mulk Raj,
|d 1905-
|
| 245 |
1 |
0 |
|a Coolie.
|
| 260 |
|
|
|a India :
|b Penguin Books,
|c 1993.
|
| 300 |
|
|
|a 282 p. ;
|c 21 cm.
|
| 541 |
1 |
|
|e 00015891
|
| 651 |
|
0 |
|a India
|x Fiction
|
| 852 |
4 |
|
|a Ayesha Abed Library
|j General Shelf.
|
| 999 |
|
|
|c 2455
|d 2455
|
| 952 |
|
|
|0 0
|1 4
|2 ddc
|4 0
|6 823_000000000000000_ANO
|7 0
|9 2271
|a BRACUL
|b BRACUL
|c GEN
|d 2009-07-15
|g 425.00
|l 0
|o 823 ANO
|p 3010015891
|r 2009-07-15
|t 1
|w 2009-07-15
|y BK
|x Koha Inventory 2020
|